Integrácia - zmierenie Európy
Myšlienky a názory Dr. Hansa Vontobla a Hermanna Schnabla, ktorým pri príležitosti 35. výročia Obchodnej fakulty EU v Bratislave pridelila univerzita vedeckú hodnosť Dr. h. c. Čo je podstatné pri formovaní študentov v európskom vzdelávacom a výchovnom procese, otázka hospodárskej kriminality a korup...
Salvato in:
| Autore principale: | |
|---|---|
| Altri autori: | |
| Natura: | Capitolo di libro |
| Lingua: | slovacco |
| Soggetti: | |
| Tags: |
Nessun Tag, puoi essere il primo ad aggiungerne!!
|
MARC
| LEADER | 00000naa$a2200000$$$4500 | ||
|---|---|---|---|
| 001 | 0023886 | ||
| 005 | 20230825102823.5 | ||
| 041 | 0 | |a slo | |
| 044 | |a SK | ||
| 245 | 1 | 0 | |a Integrácia - zmierenie Európy |c Hans Vontobel, Hermann Schnabl |
| 520 | |a Myšlienky a názory Dr. Hansa Vontobla a Hermanna Schnabla, ktorým pri príležitosti 35. výročia Obchodnej fakulty EU v Bratislave pridelila univerzita vedeckú hodnosť Dr. h. c. Čo je podstatné pri formovaní študentov v európskom vzdelávacom a výchovnom procese, otázka hospodárskej kriminality a korupcie vo firemnom prostredí. Kríza hodnôt v zjednocujúcej sa Európe a jej prekonávanie. Európske univerzity a príprava budúcich odborníkov a podnikateľov na globálne myslenie. | ||
| 610 | 2 | 0 | |a Európa |
| 610 | 2 | 0 | |a vzdelávanie |
| 610 | 2 | 0 | |a univerzity |
| 610 | 2 | 0 | |a študenti |
| 610 | 2 | 0 | |a kriminalita hospodárska |
| 610 | 2 | 0 | |a prostredie podnikateľské |
| 610 | 2 | 0 | |a interview |
| 100 | 1 | |a Vontobel, Hans | |
| 700 | 1 | |a Schnabl, Hermann | |